00687nam a2200157Ia 4500008004100000100002300041245012100064245012200185260004900307260000900356300001100365650001300376856004800389999001900437952007300456170221s9999 xx 000 0 und d aKimberly K. Powell aMinority marketing students’ perceptions of international groups: implications for international marketing efforts cKimberly K. Powell, Southern University and A & M College; Melanie Powell Rey, Southern University and A & M College. bJournal of Management and Marketing Research c2014 a12 : 1 xBusiness uhttp://www.aabri.com/manuscripts/152213.pdf c311541d311541 001040aCLbCLd2017-02-21l0r2017-02-21 00:00:00w2017-02-21yFOJ